000 01042cad a22002055a 4500
001 E148797
008 091111s2009 xxk f v 000 0 eng d
035 _a(Sirsi) u148797
041 0 _aeng
110 1 _aKeating Chambers
245 0 0 _aCase law update October 2009
_h[electronic resource]
260 _c2009
490 _aKeating Chambers Case Law Update
520 _aProvides a list of references to articles and some law cases from 2009 relating to construction law and dispute resolution. Focuses on adjudication, arbitration and dispute resolution, contract and procurement law, construction and engineering contract disputes law, general and professional negligence, practice and procedure.
590 _aKA
651 4 _aEngland and Wales
_y1543-
690 _aMANAGEMENT-DISPUTE AVOIDANCE, MANAGEMENT AND RESOLUTION-DISPUTE MANAGEMENT AND RESOLUTION-ARBITRATION
856 4 0 _uhttps://www.keatingchambers.co.uk/resources/case_law/2009/oct_09.aspx
_zView the article free of charge at www.keatingchambers.co.uk...
942 _n0
999 _c81963
_d81963